| 000 | 01317nam0a22003011 4500 | ||
|---|---|---|---|
| 001 | rc\3948538 | ||
| 005 | 20260407150850.0 | ||
| 021 |
_aRU _b[56-16814ж] |
||
| 035 | _a(NLR Aleph) 008043015 | ||
| 090 |
_a8893420 _c8893420 |
||
| 100 | _a20130415d1956 |||y0rusy50 ca | ||
| 101 | 0 | _arus | |
| 102 | _aRU | ||
| 105 | _aa z ||||| | ||
| 200 | 1 |
_aТруды Совещания по твердым диэлектрикам. Сентябрь 1955 г. _f[Ред. коллегия: К.А. Водопьянов... С.С. Гутин (отв. ред.) и др.] |
|
| 210 |
_aТомск _cБ. и. _d1956 |
||
| 215 |
_a454 с., 2 л. табл. _cил. _d26 |
||
| 225 | 1 |
_aИзвестия Томского ордена Трудового Красного Знамени политехнического института им. С.М. Кирова _vТ. 91 |
|
| 320 | _aБиблиогр. в конце трудов | ||
| 606 |
_aДиэлектрики твердые _jСборники _2psbo |
||
| 702 | 1 |
_aГутин _bС.С. _4340 |
|
| 702 | 1 |
_aВодопьянов _bК.А. _4340 |
|
| 710 | 1 | 2 |
_aСовещание по твердым диэлектрикам _f1955 _eТомск _3RU\NLR\AUTH\8810090715 _9682700 |
| 801 | 0 |
_aRU _bNLR _gpsbo |
|
| 801 | 1 |
_aRU _bELAR _2rusmarc |
|
| 852 |
_aNLR _jП10/150 |
||
| 942 | _cBOOK | ||
| 980 | _aNB | ||